[Event "escc2023_65"]
[Site "?"]
[Date "2023.05.27"]
[Round "2.24"]
[White "Hilarius, Sander"]
[Black "Kortis, Wim"]
[Result "0-1"]
[BlackElo "2110"]
[WhiteElo "1899"]
[LiveChessVersion "1.4.8"]

1. d4 {[%clk 1:29:15]} g6 {[%clk 1:30:47]} 2. c4 {[%clk 1:29:37]} Bg7
{[%clk 1:31:07]} 3. Nc3 {[%clk 1:30:01]} c5 {[%clk 1:30:57]} 4. d5
{[%clk 1:30:23]} d6 {[%clk 1:31:09]} 5. e4 {[%clk 1:30:25]} e6 {[%clk 1:31:15]}
6. Bd3 {[%clk 1:30:11]} Ne7 {[%clk 1:31:26]} 7. Bg5 {[%clk 1:18:07]} h6
{[%clk 1:28:48]} 8. Be3 {[%clk 1:18:29]} O-O {[%clk 1:28:19]} 9. Qd2
{[%clk 1:18:36]} Kh7 {[%clk 1:27:13]} 10. Nge2 {[%clk 1:05:17]} exd5
{[%clk 1:25:17]} 11. cxd5 {[%clk 1:04:09]} Nd7 {[%clk 1:23:20]} 12. f4
{[%clk 0:59:33]} f5 {[%clk 1:20:58]} 13. O-O {[%clk 0:50:53]} Nf6
{[%clk 1:15:55]} 14. Ng3 {[%clk 0:41:38]} Ng4 {[%clk 1:12:48]} 15. Nge2
{[%clk 0:30:24]} fxe4 {[%clk 1:09:13]} 16. Bxe4 {[%clk 0:30:24]} Nf5
{[%clk 1:06:23]} 17. Bxf5 {[%clk 0:28:25]} Bxf5 {[%clk 1:04:50]} 18. Rf3
{[%clk 0:24:55]} Re8 {[%clk 0:55:00]} 19. h3 {[%clk 0:24:20]} Nxe3
{[%clk 0:53:38]} 20. Rxe3 {[%clk 0:24:43]} Rxe3 {[%clk 0:51:38]} 21. Qxe3
{[%clk 0:23:02]} Qf8 {[%clk 0:51:59]} 22. Qf3 {[%clk 0:20:56]} Re8
{[%clk 0:48:19]} 23. Rf1 {[%clk 0:18:48]} c4 {[%clk 0:46:16]} 24. g4
{[%clk 0:15:37]} Bd3 {[%clk 0:46:26]} 25. f5 {[%clk 0:15:01]} gxf5
{[%clk 0:45:11]} 26. gxf5 {[%clk 0:15:12]} Bf6 {[%clk 0:42:35]} 27. Rf2
{[%clk 0:14:24]} Re5 {[%clk 0:38:44]} 28. Ng3 {[%clk 0:11:04]} Bh4
{[%clk 0:36:53]} 29. Rg2 {[%clk 0:04:44]} Bxg3 {[%clk 0:29:57]} 30. Qxg3
{[%clk 0:05:03]} Rxf5 {[%clk 0:29:24]} 31. Qg6+ {[%clk 0:03:07]} Kh8
{[%clk 0:29:46]} 32. Qg3 {[%clk 0:01:37]} b5 {[%clk 0:25:39]} 33. a3
{[%clk 0:00:36]} a5 {[%clk 0:24:51]} 34. Rf2 {[%clk 0:00:37]} b4 {[%clk 0:22:37]}
35. axb4 {[%clk 0:00:44]} axb4 {[%clk 0:23:00]} 36. Rxf5 {[%clk 0:00:39]} Qxf5
{[%clk 0:23:18]} 37. Nb5 Qf1+ {[%clk 0:21:10]} 38. Kh2 {[%clk 0:01:03]} Qe2+
{[%clk 0:19:21]} 39. Qg2 {[%clk 0:00:36]} Qxg2+ {[%clk 0:19:18]} 40. Kxg2
{[%clk 0:01:04]} c3 {[%clk 0:19:38]} 41. Nxc3 {[%clk 0:00:48]} bxc3
{[%clk 0:19:58]} 42. bxc3 {[%clk 0:01:13]} 0-1